000 02220nam0a2200385 i 4500
001 RU\NLR\BIBL_A\010826369
005 20240921130112.0
010 _a9785906768902
_9500
021 _aRU
_b2015-52816
_93121
035 _a(NILC)RuMoRGB-007980148
035 _a(NLR Aleph) 010826369
090 _a10266143
_c10266143
100 _a20150828d2015 km y0rusy50 ca
101 0 _arus
102 _aRU
105 _aa z 000yy
200 1 _aСтруктура социальных представлений молодежи о профессиональной деятельности
_eмонография
_fГ. В. Довжик, Р. В. Мартышкин, Г. Н. Мишина, Л. В. Попова
_gМ-во образования и науки Рос. Федерации (Минобрнауки РФ), Федер. гос. бюджет. образоват. учреждение высш. проф. образования "Гос. ун-т упр."
210 _aМосква
_cИзд-во Московского гуманитарного университета
_d2015
215 _a94 с.
_cил., табл.
_d21
320 _aБиблиогр.: с. 92-94 (49 назв.)
606 1 _aМолодежь
_xПрофессиональная ориентация
_xСоциологические исследования
_91550076
_3RU\NLR\AUTH\66676865
610 0 _aтруд
610 0 _aпрофессиональная деятельность
610 0 _aмолодежь
686 1 _aС550.325.1
686 1 _aЮ941.19
701 1 _aДовжик
_bГ. В.
_cканд. психол. наук
_gГалина Владимировна
_9151145
_3RU\NLR\AUTH\770151183
701 1 _aМартышкин
_bР.В.
_gРоман Викторович
701 1 _aМишина
_bГ. Н.
_cканд. социол. наук
_gГалина Николаевна
_9134033
_3RU\NLR\AUTH\770134067
701 1 _aПопова
_bЛ. В.
_cканд. психол. наук, социальная психология
_gЛюдмила Валентиновна
_9151150
_3RU\NLR\AUTH\770151188
801 0 _aRU
_bРГБ
_c20150721
_gRCR
942 _cBOOK
980 _aNBR